La Idea - Abraham Mateo - Estadísticas

Estadísticas generales
  • Esta prueba ha sido intentada 115 veces
  • La puntuación promedio es 248 de 338
Estadísticas de respuestas
Letra % Correcto
a
100%
como
100%
cómo
100%
con
100%
de
100%
desde
100%
el
100%
El
100%
en
100%
En
100%
es
100%
esa
100%
idea
100%
la
100%
La
100%
Las
100%
lo
100%
los
100%
no
100%
No
100%
o
100%
por
100%
100%
te
100%
Te
100%
100%
Tu
100%
un
100%
y
100%
Y
100%
al
75%
amor
75%
del
75%
día
75%
hacer
75%
hay
75%
mañana
75%
me
75%
Me
75%
mejor
75%
muy
75%
nos
75%
nunca
75%
para
75%
Porque
75%
porque
75%
que
75%
Que
75%
75%
75%
se
75%
Se
75%
sin
75%
solo
75%
ti
75%
todo
75%
triste
75%
tus
75%
voy
75%
yo
75%
acabó
50%
acuerde
50%
amé
50%
amigas
50%
aquí
50%
así
50%
aunque
50%
borrarlo
50%
cama
50%
carrete
50%
caso
50%
celos
50%
complicó
50%
compré
50%
cosas
50%
cura
50%
Dejé
50%
Dicen
50%
diciendo
50%
dormir
50%
dos
50%
duda
50%
echa
50%
equipo
50%
era
50%
escribe
50%
están
50%
este
50%
exit
50%
éxito
50%
favor
50%
fotos
50%
fueras
50%
fuiste
50%
hijos
50%
Independizarnos
50%
Insta
50%
intacta
50%
iPhone
50%
jamás
50%
llegamos
50%
mamá
50%
mami
50%
matando
50%
menos
50%
mis
50%
Mis
50%
modo
50%
nuevo
50%
paras
50%
pase
50%
pero
50%
pueda
50%
puedo
50%
puso
50%
puto
50%
quise
50%
salir
50%
seguiste
50%
separarnos
50%
Sigo
50%
sofá
50%
tambien
50%
tanto
50%
Tatuarnos
50%
tener
50%
Tengo
50%
tiempo
50%
tobillo
50%
tóxicos
50%
tres
50%
veía
50%
vídeos
50%
yerno
50%
anillo
25%
buenos
25%
estancao
25%
miedos
25%
Mil
25%
momentos
25%
ponerte
25%
quedaron
25%
No se encontraron pruebas coincidentes
Distribución de puntuación
Porcentaje de gente con cada puntuación
Porcentaje por número respondido
Historial de tus puntuaciones
No has intentado esta prueba.